Catálogo
 En Linea

La voz : (Registro nro. 20182)

Detalles MARC
000 -CABECERA
campo de control de longitud fija 01181nam a2200265 a 4500
001 - NÚMERO DE CONTROL
campo de control 000020678
003 - IDENTIFICADOR DEL NÚMERO DE CONTROL
campo de control DO-SdBNP
005 - FECHA Y HORA DE LA ÚLTIMA TRANSACCIÓN
campo de control 20211028145504.0
007 - CAMPO FIJO DE DESCRIPCIÓN FÍSICA--INFORMACIÓN GENERAL
campo de control de longitud fija ta
008 - DATOS DE LONGITUD FIJA--INFORMACIÓN GENERAL
campo de control de longitud fija 100812s2018 r 000 0 spa d
020 ## - NÚMERO INTERNACIONAL ESTÁNDAR DEL LIBRO
Número Internacional Estándar del Libro 9789945141351
040 ## - FUENTE DE LA CATALOGACIÓN
Centro catalogador/agencia de origen DO-SdBNP
Lengua de catalogación spa
Centro/agencia transcriptor BNPHU
082 #4 - NÚMERO DE LA CLASIFICACIÓN DECIMAL DEWEY
Número de edición 22
Número de documento/Ítem G875L
100 1# - ENTRADA PRINCIPAL--NOMBRE DE PERSONA
Nombre de persona Gromosaukas Paul, Elena Wanda de
9 (RLIN) 43431
245 13 - MENCIÓN DE TÍTULO
Título La voz :
Resto del título ciencia y arte, /
Mención de responsabilidad, etc. Elena Wanda Gromosaukas de Paul ; prólogo Eduardo Mejía Jabid.
260 ## - PUBLICACIÓN, DISTRIBUCIÓN, ETC.
Lugar de publicación, distribución, etc. Santo Domingo :
Nombre del editor, distribuidor, etc. Corripio,
Fecha de publicación, distribución, etc. 2018.
300 ## - DESCRIPCIÓN FÍSICA
Extensión 408 p. :
Otras características físicas il., retrs. ;
Dimensiones 23 cm.
504 ## - NOTA DE BIBLIOGRAFÍA, ETC.
Nota de bibliografía, etc. Bibliografía : p. 389-405
505 ## - NOTA DE CONTENIDO CON FORMATO
Nota de contenido con formato Prólogo --
Título La voz: ciencia y arte --
-- ¿Qué se entiende por higiene vocal? --
-- La respiración --
-- La articulación --
-- El lenguaje oral --
-- Métodos de relajación –
-- Evaluación de la voz –
-- Recomendaciones generales –
-- Conclusiones –
-- Bibliografía --
-- Epílogo : <br/>La voz en el arte de la expresión /
Mención de responsabilidad Bruno Rosario Candelier.
590 ## - NOTA LOCAL (RLIN)
Nota local La biblioteca posee 1 ejemplar autografiado por la autora.
590 ## - NOTA LOCAL (RLIN)
Nota local Inventariado, 2021/BT
700 1# - PUNTO DE ACCESO ADICIONAL--NOMBRE DE PERSONA
Nombre de persona Mejía Jabid, Eduardo,
Término indicativo de función/relación pról.
9 (RLIN) 76570
910 ## - DATOS DE OPCIÓN DEL USUARIO (OCLC)
Datos de opción del usuario MF
942 ## - ELEMENTOS DE PUNTO DE ACCESO ADICIONAL (KOHA)
Fuente del sistema de clasificación o colocación Dewey Decimal Classification
Tipo de ítem Koha Libros y folletos
Existencias
Estado de retiro Estado de pérdida Fuente del sistema de clasificación o colocación Restricciones de uso No para préstamo Código de colección Localización permanente Ubicación/localización actual Ubicación en estantería Fecha de adquisición Fuente de adquisición Número de inventario Total de préstamos Signatura topográfica completa Código de barras Fecha visto por última vez Precio válido a partir de Tipo de ítem Koha Número de copia
    Dewey Decimal Classification     Monografías: Libros y Folletos General General En catalogación 16.03.2020 Elena Wanda Gromosaukas De Paul LF1   20678-30 25.06.2020 25.06.2020 No se presta  
    Dewey Decimal Classification   Préstamo restrigido Monografías: Libros y Folletos Patrimonio Dominicano Patrimonio Dominicano En catalogación 16.03.2020 Elena Wanda Gromosaukas De Paul LF1   20678-10 25.06.2020 25.06.2020 No se presta e. 2
    Dewey Decimal Classification Préstamo en sala   Monografías: Libros y Folletos Patrimonio Dominicano Patrimonio Dominicano Orden iniciada 16.03.2020 Elena Wanda Gromosaukas De Paul LF1   20678-20 25.06.2020 25.06.2020 No se presta e. 3

Con tecnología Koha